[Event "Tradewise Gibraltar ChallWk2"]
[Site "Gibraltar"]
[Date "2017.01.31"]
[Round "4.32"]
[White "Gostelow, David W"]
[Black "Stuhlmann, Alexander"]
[Result "1/2-1/2"]
[WhiteElo "1970"]
[BlackElo "1906"]
[PlyCount "88"]
[EventDate "2017.01.28"]
[EventType "swiss"]
[EventRounds "5"]
[EventCountry "GGB"]
[SourceTitle "BritBase"]
[Source "www.saund.co.uk"]
[SourceDate "2018.02.10"]
[SourceVersion "1"]
[SourceVersionDate "2018.02.10"]
[SourceQuality "1"]

1. d4 d6 2. Bf4 g6 3. Qd2 Bg7 4. Nc3 Nd7 5. Nf3 c6 6. e4 e5 7. dxe5 dxe5 8. Bg5
Qc7 9. Bc4 h6 10. Be3 Ngf6 11. a4 Ng4 12. O-O Nxe3 13. Qxe3 O-O 14. h3 b6 15.
Rfd1 Nc5 16. a5 Be6 17. Bf1 Rfd8 18. b3 Rd4 19. axb6 Qxb6 20. Nxd4 exd4 21.
Rxd4 Nxb3 22. cxb3 Qxd4 23. Qxd4 Bxd4 24. Rc1 Bxb3 25. Ne2 c5 26. Nxd4 cxd4 27.
Bc4 Bxc4 28. Rxc4 Rd8 29. Kf1 d3 30. Ke1 d2+ 31. Kd1 Rd7 32. Ra4 g5 33. Ra3 Kg7
34. e5 h5 35. f4 gxf4 36. Rf3 Rd5 37. Rxf4 a5 38. g4 hxg4 39. Rxg4+ Kh6 40. Re4
Kg5 41. e6 fxe6 42. Rxe6 Kh4 43. Rh6+ Kg3 44. h4 a4 1/2-1/2

[Event "Tradewise Gibraltar ChallWk2"]
[Site "Gibraltar"]
[Date "2017.01.31"]
[Round "4.34"]
[White "Ramirez Dominguez, Agustin"]
[Black "Alberto, Manuel"]
[Result "0-1"]
[WhiteElo "1947"]
[BlackElo "2168"]
[PlyCount "99"]
[EventDate "2017.01.28"]
[EventType "swiss"]
[EventRounds "5"]
[EventCountry "GGB"]
[SourceTitle "BritBase"]
[Source "www.saund.co.uk"]
[SourceDate "2018.02.10"]
[SourceVersion "1"]
[SourceVersionDate "2018.02.10"]
[SourceQuality "1"]

1. e4 e5 2. Nf3 Nc6 3. d4 exd4 4. Nxd4 Bc5 5. Be3 Qf6 6. Nb5 Bxe3 7. fxe3 Kd8
8. N1c3 Nce7 9. Qd2 a6 10. Nd4 Qe5 11. Bc4 Nh6 12. Nf3 Qc5 13. Qd4 Qxd4 14.
exd4 f6 15. O-O-O b5 16. Bb3 Bb7 17. Rhe1 Ng6 18. e5 Nf4 19. Rd2 Re8 20. d5
fxe5 21. Rxe5 d6 22. Rxe8+ Kxe8 23. Nd4 b4 24. Rf2 Ng6 25. Ne4 Ng4 26. Re2 Kf7
27. h3 N4e5 28. Ng5+ Kg8 29. Nge6 Rc8 30. Nf5 a5 31. a4 bxa3 32. bxa3 a4 33.
Ba2 Ba6 34. Re3 Bf1 35. Rg3 Kf7 36. Nfxg7 Bc4 37. Bxc4 Nxc4 38. Rf3+ Ke7 39.
Nf5+ Kd7 40. Nfd4 Nce5 41. Rc3 Ne7 42. Rg3 Nxd5 43. Rg7+ Ne7 44. Ng5 Rf8 45.
Nxh7 Rf2 46. g4 Nc4 47. Kd1 Rd2+ 48. Ke1 Rxd4 49. Nf8+ Ke8 50. Ne6 0-1

[Event "Tradewise Gibraltar ChallWk2"]
[Site "Gibraltar"]
[Date "2017.01.31"]
[Round "4.35"]
[White "Mayank, Pal"]
[Black "Herzwurm, Robert"]
[Result "0-1"]
[WhiteElo "1919"]
[BlackElo "2143"]
[PlyCount "130"]
[EventDate "2017.01.28"]
[EventType "swiss"]
[EventRounds "5"]
[EventCountry "GGB"]
[SourceTitle "BritBase"]
[Source "www.saund.co.uk"]
[SourceDate "2018.02.10"]
[SourceVersion "1"]
[SourceVersionDate "2018.02.10"]
[SourceQuality "1"]

1. e4 e6 2. d4 d5 3. Nc3 Bb4 4. e5 c5 5. a3 Bxc3+ 6. bxc3 Ne7 7. Qg4 O-O 8. Nf3
f5 9. exf6 Rxf6 10. Bg5 Nd7 11. Bxf6 Nxf6 12. Qf4 Qa5 13. Nd2 Qxc3 14. Rd1 Ne4
15. Qf3 Nf5 16. dxc5 Nd4 17. Qxc3 Nxc3 18. Rc1 Na2 19. Rb1 Nxc2+ 20. Kd1 Nd4
21. Rb2 Nc3+ 22. Kc1 e5 23. g3 Na4 24. Bg2 Nxb2 25. Bxd5+ Be6 26. Bxe6+ Nxe6
27. Kxb2 Nxc5 28. Kc2 e4 29. Re1 Rf8 30. Re2 Rf6 31. Kc3 Ra6 32. Kb2 Ra4 33.
Nb3 Nxb3 34. Kxb3 Rd4 35. Kc3 Rd3+ 36. Kb4 Rf3 37. a4 Kf7 38. Kc5 Kf6 39. Kd5
Rd3+ 40. Kxe4 Ra3 41. Kd5 Rxa4 42. Re8 Rb4 43. Kd6 a5 44. Rf8+ Kg6 45. h4 a4
46. Kc5 Rb3 47. g4 a3 48. f4 a2 49. Ra8 Rb2 50. Kc4 Rf2 51. f5+ Kf6 52. Kb3 Rg2
53. Ra4 Rxg4 54. Rxa2 Rxh4 55. Ra7 b5 56. Ra5 b4 57. Rd5 Rf4 58. Rc5 h5 59. Ra5
h4 60. Ra2 h3 61. Rh2 Rh4 62. Rh1 h2 63. Kc2 Kxf5 64. Kd3 g5 65. Ke3 b3 0-1

[Event "Tradewise Gibraltar ChallWk2"]
[Site "Gibraltar"]
[Date "2017.01.31"]
[Round "4.37"]
[White "Hubbard, Michael"]
[Black "Spanton, Tim R"]
[Result "1-0"]
[WhiteElo "1904"]
[BlackElo "1904"]
[PlyCount "39"]
[EventDate "2017.01.28"]
[EventType "swiss"]
[EventRounds "5"]
[EventCountry "GGB"]
[SourceTitle "BritBase"]
[Source "www.saund.co.uk"]
[SourceDate "2018.02.10"]
[SourceVersion "1"]
[SourceVersionDate "2018.02.10"]
[SourceQuality "1"]

1. Nf3 Nf6 2. g3 d5 3. Bg2 Nc6 4. O-O e5 5. d3 Be7 6. Nbd2 e4 7. dxe4 dxe4 8.
Ng5 e3 9. fxe3 O-O 10. Ngf3 Re8 11. c3 Bc5 12. Nd4 Rxe3 13. N2b3 Bxd4 14. Nxd4
Qe8 15. Bxe3 Qxe3+ 16. Kh1 Bg4 17. Nxc6 bxc6 18. Qd3 Qh6 19. Rad1 Bd7 20. Rxf6
1-0

[Event "Tradewise Gibraltar ChallWk2"]
[Site "Gibraltar"]
[Date "2017.02.01"]
[Round "5.1"]
[White "Damia, Angelo"]
[Black "Kulkarni, Chinmay"]
[Result "0-1"]
[WhiteElo "2233"]
[BlackElo "2208"]
[PlyCount "40"]
[EventDate "2017.01.28"]
[EventType "swiss"]
[EventRounds "5"]
[EventCountry "GGB"]
[SourceTitle "BritBase"]
[Source "www.saund.co.uk"]
[SourceDate "2018.02.10"]
[SourceVersion "1"]
[SourceVersionDate "2018.02.10"]
[SourceQuality "1"]

1. e4 c5 2. Nf3 Nc6 3. d4 cxd4 4. Nxd4 g6 5. Nxc6 bxc6 6. Qd4 Nf6 7. e5 Ng8 8.
e6 Nf6 9. exd7+ Qxd7 10. Qxd7+ Bxd7 11. Nc3 Nd5 12. Bd2 Bg7 13. Nxd5 cxd5 14.
O-O-O O-O 15. Bb4 Rfb8 16. c3 e6 17. Bd3 a5 18. Ba3 Rc8 19. Kb1 Rab8 20. Ka1
Rxc3 0-1

[Event "Tradewise Gibraltar ChallWk2"]
[Site "Gibraltar"]
[Date "2017.02.01"]
[Round "5.2"]
[White "Osuna Vega, Enrique"]
[Black "Renteria, Jorge"]
[Result "0-1"]
[WhiteElo "2181"]
[BlackElo "2242"]
[PlyCount "110"]
[EventDate "2017.01.28"]
[EventType "swiss"]
[EventRounds "5"]
[EventCountry "GGB"]
[SourceTitle "BritBase"]
[Source "www.saund.co.uk"]
[SourceDate "2018.02.10"]
[SourceVersion "1"]
[SourceVersionDate "2018.02.10"]
[SourceQuality "1"]

1. e4 c5 2. Nf3 d6 3. d4 cxd4 4. Nxd4 Nf6 5. Nc3 a6 6. h3 e6 7. g4 d5 8. exd5
Nxd5 9. Nde2 Bb4 10. a3 Bxc3+ 11. Nxc3 Nxc3 12. Qxd8+ Kxd8 13. bxc3 Bd7 14. Rg1
Bc6 15. Bf4 Ke7 16. O-O-O Rd8 17. Rxd8 Kxd8 18. c4 Nd7 19. Bd6 Nf6 20. g5 Ne8
21. Bf8 Be4 22. Bd3 Bg6 23. Bxg6 hxg6 24. Rg4 Rc8 25. Rd4+ Kc7 26. Rh4 e5 27.
c5 Kc6 28. Rb4 Rd8 29. Rb6+ Kc7 30. Rb4 Rd4 31. Kb2 Rf4 32. Rxf4 exf4 33. Kc3
Kc6 34. h4 Nc7 35. Bxg7 Kxc5 36. Bd4+ Kd5 37. Bb6 Nb5+ 38. Kb4 Kc6 39. Bd8 Nd6
40. Kc3 Kd5 41. Kd3 b5 42. c3 Nc4 43. Be7 a5 44. Bd8 a4 45. Be7 Ne5+ 46. Ke2
Ke4 47. Bf8 Nf3 48. Be7 Nxh4 49. c4 bxc4 50. Kd2 Kd4 51. Bf6+ Kc5 52. Ke2 Nf5
53. Kf3 Kd5 54. Kxf4 Nd4 55. Bg7 Ne6+ 0-1

[Event "Tradewise Gibraltar ChallWk2"]
[Site "Gibraltar"]
[Date "2017.02.01"]
[Round "5.3"]
[White "Fawole, John Oyeyemi"]
[Black "Dolzhikova, Olga"]
[Result "0-1"]
[WhiteElo "2186"]
[BlackElo "2164"]
[PlyCount "122"]
[EventDate "2017.01.28"]
[EventType "swiss"]
[EventRounds "5"]
[EventCountry "GGB"]
[SourceTitle "BritBase"]
[Source "www.saund.co.uk"]
[SourceDate "2018.02.10"]
[SourceVersion "1"]
[SourceVersionDate "2018.02.10"]
[SourceQuality "1"]

1. d4 Nf6 2. Nf3 e6 3. c4 d5 4. g3 Be7 5. Bg2 O-O 6. O-O dxc4 7. Qa4 a6 8. Qxc4
b5 9. Qc2 Bb7 10. Nbd2 Nbd7 11. Ne5 Bxg2 12. Kxg2 Nxe5 13. dxe5 Nd5 14. a3 c5
15. Nf3 Qc7 16. Bd2 Rfd8 17. Rfd1 h6 18. Qe4 Bf8 19. Rac1 Rac8 20. h4 Ne7 21.
Qg4 Kh8 22. Bc3 Rxd1 23. Rxd1 Rd8 24. Rxd8 Qxd8 25. Qf4 Kg8 26. Bd2 Ng6 27. Qe3
Qd5 28. h5 Ne7 29. Qf4 Nc6 30. Kh2 Be7 31. e4 Qd3 32. Kg2 a5 33. Qe3 Qc2 34.
Bc1 a4 35. Ne1 Qc4 36. f4 Nd4 37. Kf2 Nb3 38. Bd2 b4 39. Qe2 Qd4+ 40. Be3 Qxe4
41. Qb5 bxa3 42. bxa3 Bf8 43. g4 c4 44. Qxa4 Bc5 45. Ng2 Bxe3+ 46. Nxe3 Qxf4+
47. Ke2 Nd4+ 48. Kd1 Qf3+ 49. Kd2 Qf2+ 50. Kc3 Qxe3+ 51. Kxc4 Nf3 52. Qa8+ Kh7
53. a4 Nxe5+ 54. Kb5 Qb3+ 55. Kc5 Qa3+ 56. Kb5 Qd3+ 57. Kb6 Qd6+ 58. Kb5 Qd7+
59. Kc5 Nd3+ 60. Kb6 Qd6+ 61. Kb5 Qb4+ 0-1

[Event "Tradewise Gibraltar ChallWk2"]
[Site "Gibraltar"]
[Date "2017.02.01"]
[Round "5.4"]
[White "Santos Izquierdo, Francisco J"]
[Black "Meszaros, Andras"]
[Result "0-1"]
[WhiteElo "2133"]
[BlackElo "2240"]
[PlyCount "50"]
[EventDate "2017.01.28"]
[EventType "swiss"]
[EventRounds "5"]
[EventCountry "GGB"]
[SourceTitle "BritBase"]
[Source "www.saund.co.uk"]
[SourceDate "2018.02.10"]
[SourceVersion "1"]
[SourceVersionDate "2018.02.10"]
[SourceQuality "1"]

1. c4 e5 2. g3 Nf6 3. Bg2 c6 4. d4 exd4 5. Qxd4 d5 6. cxd5 cxd5 7. Nf3 Nc6 8.
Qa4 Bc5 9. O-O O-O 10. Bg5 h6 11. Bxf6 Qxf6 12. Nc3 Be6 13. Rad1 Rfd8 14. Rd2
Rac8 15. Rfd1 Bb6 16. e3 Na5 17. Nxd5 Bxd5 18. Rxd5 Rxd5 19. Rxd5 Qxb2 20. Rxa5
Bxa5 21. Qxa5 Rc1+ 22. Bf1 Qe2 23. Qd8+ Kh7 24. Nd2 Rd1 25. Qd5 Qxf1+ 0-1

[Event "Tradewise Gibraltar ChallWk2"]
[Site "Gibraltar"]
[Date "2017.02.01"]
[Round "5.5"]
[White "Schouten, Freek"]
[Black "Verneuil, Pascal"]
[Result "0-1"]
[WhiteElo "2095"]
[BlackElo "2215"]
[PlyCount "160"]
[EventDate "2017.01.28"]
[EventType "swiss"]
[EventRounds "5"]
[EventCountry "GGB"]
[SourceTitle "BritBase"]
[Source "www.saund.co.uk"]
[SourceDate "2018.02.10"]
[SourceVersion "1"]
[SourceVersionDate "2018.02.10"]
[SourceQuality "1"]

1. d4 Nf6 2. c4 c5 3. d5 e6 4. Nc3 exd5 5. cxd5 d6 6. e4 g6 7. f4 Bg7 8. Bb5+
Nfd7 9. Nf3 O-O 10. O-O a6 11. Bd3 b5 12. Kh1 c4 13. Bc2 Nc5 14. f5 Nbd7 15.
Qe1 Ne5 16. Qg3 Nxf3 17. Rxf3 Be5 18. Bf4 Bxf4 19. Rxf4 Qf6 20. Raf1 Qe5 21.
Nd1 Nd7 22. Ne3 Nf6 23. Qg5 Kg7 24. Rh4 h5 25. Rhf4 Rh8 26. Qg3 Rh6 27. h4 Ra7
28. Qf2 Rb7 29. g4 hxg4 30. Nxg4 Nxg4 31. Rxg4 f6 32. Rxg6+ Rxg6 33. fxg6 Bg4
34. Qg2 Bd7 35. Bd1 Rb8 36. h5 Rh8 37. Bf3 Rh6 38. Qh2 Qe7 39. Qf4 Be8 40. Kg2
b4 41. Qd2 Qe5 42. Kf2 c3 43. bxc3 bxc3 44. Qe3 Bxg6 45. Qa7+ Bf7 46. Rg1+ Kf8
47. Ke2 f5 48. Qb8+ Ke7 49. Qc7+ Kf6 50. Qd8+ Qe7 51. Qxe7+ Kxe7 52. exf5 Bxh5
53. Bxh5 Rxh5 54. Kd3 Rxf5 55. Kxc3 Rxd5 56. Rg7+ Ke6 57. a4 Rc5+ 58. Kd3 Kd5
59. Rg4 a5 60. Rh4 Kc6 61. Rh8 Rg5 62. Ra8 Rg3+ 63. Kc4 Rg4+ 64. Kb3 Kb6 65.
Rb8+ Ka6 66. Rb5 Rd4 67. Rb8 Rd1 68. Kb2 Rd5 69. Kb3 Rc5 70. Kb2 Rc6 71. Ka3 d5
72. Rd8 Rc5 73. Rb8 Ka7 74. Rh8 Kb6 75. Rb8+ Kc7 76. Rh8 d4 77. Rh4 Rc4 78. Kb3
Rb4+ 79. Kc2 d3+ 80. Kxd3 Rxh4 0-1

[Event "Tradewise Gibraltar ChallWk2"]
[Site "Gibraltar"]
[Date "2017.02.01"]
[Round "5.6"]
[White "Madina Yadarola, Martin"]
[Black "Derakhshani, Borna"]
[Result "0-1"]
[WhiteElo "2214"]
[BlackElo "2195"]
[PlyCount "94"]
[EventDate "2017.01.28"]
[EventType "swiss"]
[EventRounds "5"]
[EventCountry "GGB"]
[SourceTitle "BritBase"]
[Source "www.saund.co.uk"]
[SourceDate "2018.02.10"]
[SourceVersion "1"]
[SourceVersionDate "2018.02.10"]
[SourceQuality "1"]

1. Nf3 Nf6 2. b3 b6 3. g3 Bb7 4. Bg2 e6 5. Bb2 c5 6. O-O Be7 7. d3 d5 8. Nbd2
O-O 9. e4 Nc6 10. e5 Nd7 11. Re1 Qc7 12. c4 Nb4 13. Qb1 Rae8 14. a3 Nc6 15. Qd1
d4 16. Qe2 Qb8 17. h4 Bd8 18. b4 Bc7 19. bxc5 bxc5 20. Rab1 Qa8 21. Ne4 Rb8 22.
Nd6 Bxd6 23. exd6 Nd8 24. Bc1 f6 25. Bd2 e5 26. Ba5 Bc6 27. Bc7 Rxb1 28. Rxb1
Ne6 29. Ba5 Rb8 30. Re1 Rb3 31. Bh3 Nef8 32. Nd2 Rxa3 33. Bc7 Ra2 34. Rb1 a5
35. g4 Ne6 36. g5 Nf4 37. Qg4 Qf8 38. Qxd7 Bxd7 39. Bxd7 Rxd2 40. Rb8 Qxb8 41.
Bxb8 Kf7 42. Bf5 Ne6 43. d7 Nd8 44. gxf6 Kxf6 45. Bg4 a4 46. f4 a3 47. fxe5+
Kg6 0-1

[Event "Tradewise Gibraltar ChallWk2"]
[Site "Gibraltar"]
[Date "2017.02.01"]
[Round "5.7"]
[White "Amgalanbaatar, Ravdanlkhumbuu"]
[Black "Villar Reymundo, Juan Antonio"]
[Result "1/2-1/2"]
[WhiteElo "1988"]
[BlackElo "2212"]
[PlyCount "174"]
[EventDate "2017.01.28"]
[EventType "swiss"]
[EventRounds "5"]
[EventCountry "GGB"]
[SourceTitle "BritBase"]
[Source "www.saund.co.uk"]
[SourceDate "2018.02.10"]
[SourceVersion "1"]
[SourceVersionDate "2018.02.10"]
[SourceQuality "1"]

1. e4 c5 2. Nc3 Nc6 3. g3 g6 4. Bg2 Bg7 5. d3 d6 6. Be3 e5 7. Qd2 Nd4 8. Nce2
Nf6 9. h3 d5 10. c3 Nxe2 11. Nxe2 dxe4 12. dxe4 Qxd2+ 13. Bxd2 Be6 14. b3 c4
15. b4 Bd7 16. g4 Bc6 17. Ng3 b5 18. O-O Nd7 19. Be3 O-O 20. Rfd1 Rfc8 21. a3
Nf8 22. Ne2 Ne6 23. Kf1 a5 24. Bb6 axb4 25. axb4 Rxa1 26. Rxa1 Ra8 27. Rxa8+
Bxa8 28. Be3 Bf6 29. f3 Bg5 30. Bxg5 Nxg5 31. h4 Ne6 32. Kf2 Kf8 33. Bh3 Bc6
34. Ke3 g5 35. h5 Ke7 36. Bf1 Bd7 37. Bg2 Kf6 38. Bf1 Bc8 39. Kf2 Nc7 40. Ng3
Ne8 41. Ke3 Nd6 42. Bh3 Bd7 43. Bf1 Nc8 44. Ne2 Nb6 45. Nc1 Ke7 46. Kd2 Kd6 47.
Be2 Bc6 48. Bd1 Nd7 49. Be2 Nf8 50. Bf1 Ne6 51. Ne2 Nc7 52. Ke3 Ke7 53. Bh3 Ne8
54. Bf1 Nd6 55. Ng3 Bd7 56. Ne2 Nc8 57. Kd2 Nb6 58. Bh3 Na4 59. Kc2 Kd6 60. Bf1
Be6 61. Bh3 f6 62. Bf1 Nb6 63. Kd2 Nc8 64. Ke3 Ne7 65. Bh3 Ng8 66. Ng3 Nh6 67.
Kd2 Bc8 68. Ke3 Ng8 69. Ne2 Ne7 70. Bf1 Nc6 71. Bg2 Ke7 72. Bf1 Kf8 73. Ng3 Nd8
74. Ne2 Ne6 75. Kf2 Kg7 76. Ke3 Kh6 77. Kf2 Bd7 78. Ke3 Nf4 79. Nxf4 gxf4+ 80.
Kf2 Kg5 81. Kg2 Kh4 82. Be2 Bc6 83. Bd1 h6 84. Be2 Kg5 85. Bd1 Bb7 86. Be2 Ba8
87. Bd1 Bc6 1/2-1/2

[Event "Tradewise Gibraltar ChallWk2"]
[Site "Gibraltar"]
[Date "2017.02.01"]
[Round "5.11"]
[White "Bottema, Martin"]
[Black "Bryn, Askild"]
[Result "1/2-1/2"]
[WhiteElo "2128"]
[BlackElo "2018"]
[PlyCount "75"]
[EventDate "2017.01.28"]
[EventType "swiss"]
[EventRounds "5"]
[EventCountry "GGB"]
[SourceTitle "BritBase"]
[Source "www.saund.co.uk"]
[SourceDate "2018.02.10"]
[SourceVersion "1"]
[SourceVersionDate "2018.02.10"]
[SourceQuality "1"]

1. d4 d6 2. Nf3 g6 3. e4 Bg7 4. Bc4 e6 5. O-O Ne7 6. Bb3 O-O 7. c3 h6 8. Nbd2
Nd7 9. Re1 e5 10. Nf1 c6 11. a4 Qc7 12. Ng3 Re8 13. Be3 exd4 14. cxd4 d5 15. e5
Nf8 16. Qd2 Kh7 17. Bc2 Ng8 18. h4 Kh8 19. h5 g5 20. Qd3 f6 21. exf6 Bxf6 22.
Bd2 Be6 23. Bb4 Be7 24. Bxe7 Qxe7 25. Ne5 Nf6 26. Re3 Qg7 27. Rae1 Bd7 28. Nf5
Bxf5 29. Qxf5 Kg8 30. g4 Re7 31. Rf3 N6d7 32. Rfe3 Nf6 33. Nd3 Rae8 34. Nc5
Rxe3 35. Rxe3 Rxe3 36. fxe3 Qe7 37. Kf2 b6 38. Nb3 1/2-1/2

[Event "Tradewise Gibraltar ChallWk2"]
[Site "Gibraltar"]
[Date "2017.02.01"]
[Round "5.13"]
[White "Gluckman, Paul"]
[Black "Havik, Victor"]
[Result "0-1"]
[WhiteElo "1831"]
[BlackElo "2074"]
[PlyCount "136"]
[EventDate "2017.01.28"]
[EventType "swiss"]
[EventRounds "5"]
[EventCountry "GGB"]
[SourceTitle "BritBase"]
[Source "www.saund.co.uk"]
[SourceDate "2018.02.10"]
[SourceVersion "1"]
[SourceVersionDate "2018.02.10"]
[SourceQuality "1"]

1. e4 e5 2. Nf3 Nc6 3. Bb5 a6 4. Ba4 Nf6 5. d3 d6 6. c3 g6 7. O-O Bg7 8. Re1
O-O 9. h3 b5 10. Bb3 Na5 11. Bc2 c5 12. Nbd2 Nc6 13. Nf1 Re8 14. Ne3 h6 15. a4
Be6 16. Bb3 Qd7 17. Nd5 Bxd5 18. exd5 Ne7 19. c4 Nh5 20. axb5 axb5 21. Bd2 Reb8
22. Qc2 f5 23. Reb1 Nf6 24. Rxa8 Rxa8 25. Qc1 Kh7 26. Ra1 Rxa1 27. Qxa1 e4 28.
Ne1 exd3 29. Nxd3 bxc4 30. Bxc4 Nexd5 31. Qa2 Nb6 32. Bc3 Qa4 33. Qxa4 Nxa4 34.
Bxf6 Bxf6 35. b3 Nb6 36. Bb5 Kg7 37. Kf1 Kf7 38. Ke2 g5 39. Ba6 Ke6 40. Bb7 Bd4
41. Ne1 d5 42. Nf3 Bf6 43. Kd3 c4+ 44. bxc4 dxc4+ 45. Ke2 Kd6 46. Ne1 Kc5 47.
Nc2 c3 48. Ba6 Nd5 49. g3 f4 50. Bb7 fxg3 51. fxg3 Be5 52. Bxd5 Kxd5 53. g4 Ke4
54. Nb4 Bf4 55. Nc2 Bd2 56. Nb4 Kf4 57. Kf2 Be3+ 58. Kg2 Bd4 59. Nc2 Ke4 60.
Kf1 Kd3 61. Ne1+ Kd2 62. Nf3+ Ke3 63. Ne1 Bg7 64. Nc2+ Kd2 65. Ne1 c2 66. Nxc2
Kxc2 67. Ke2 Bd4 68. h4 Bc5 0-1

[Event "Tradewise Gibraltar ChallWk2"]
[Site "Gibraltar"]
[Date "2017.02.01"]
[Round "5.14"]
[White "Wilen, Eero"]
[Black "Pinho, Paulo"]
[Result "0-1"]
[WhiteElo "2035"]
[BlackElo "2220"]
[PlyCount "58"]
[EventDate "2017.01.28"]
[EventType "swiss"]
[EventRounds "5"]
[EventCountry "GGB"]
[SourceTitle "BritBase"]
[Source "www.saund.co.uk"]
[SourceDate "2018.02.10"]
[SourceVersion "1"]
[SourceVersionDate "2018.02.10"]
[SourceQuality "1"]

1. c4 b6 2. Nc3 Bb7 3. Nf3 c5 4. d4 cxd4 5. Nxd4 d6 6. f3 Nf6 7. e4 e6 8. Be2
Be7 9. O-O a6 10. Be3 O-O 11. Qd2 Nbd7 12. Rfd1 Rc8 13. b3 Qc7 14. Rac1 Qb8 15.
Bf1 Rfe8 16. Nde2 Bf8 17. Bf4 Ne5 18. Kh1 Ba8 19. Nd4 Rcd8 20. Qf2 h6 21. Be3
d5 22. cxd5 exd5 23. Nf5 dxe4 24. Bxb6 Rxd1 25. Nxd1 exf3 26. Bc7 Qc8 27. Nde3
Neg4 28. Nxg4 Nxg4 29. Qc2 Be4 0-1

[Event "Tradewise Gibraltar ChallWk2"]
[Site "Gibraltar"]
[Date "2017.02.01"]
[Round "5.15"]
[White "Romero Valencia, Fernando"]
[Black "Hamer, Martyn"]
[Result "0-1"]
[WhiteElo "2078"]
[BlackElo "2039"]
[PlyCount "66"]
[EventDate "2017.01.28"]
[EventType "swiss"]
[EventRounds "5"]
[EventCountry "GGB"]
[SourceTitle "BritBase"]
[Source "www.saund.co.uk"]
[SourceDate "2018.02.10"]
[SourceVersion "1"]
[SourceVersionDate "2018.02.10"]
[SourceQuality "1"]

1. d4 Nf6 2. Nc3 d5 3. e4 dxe4 4. f3 exf3 5. Nxf3 e6 6. Bd3 c5 7. Bg5 Nbd7 8.
Qe2 Be7 9. O-O-O Qa5 10. d5 Nb6 11. Bb5+ Bd7 12. Bxd7+ Nbxd7 13. dxe6 fxe6 14.
Qxe6 Qb6 15. Qe2 h6 16. Rhe1 O-O-O 17. Qxe7 hxg5 18. Rd6 Qb4 19. Red1 g4 20.
Ne1 Qf4+ 21. Kb1 Rhe8 22. Qf7 Rxe1 23. Nb5 Rxd1+ 24. Rxd1 a6 25. Nd6+ Kc7 26.
a3 Qxh2 27. Qe7 Qxg2 28. Nf7 Rf8 29. Qd6+ Kc8 30. Ne5 Qh2 31. Rd5 Re8 32. Rxc5+
Nxc5 33. Qxc5+ Kb8 0-1

[Event "Tradewise Gibraltar ChallWk2"]
[Site "Gibraltar"]
[Date "2017.02.01"]
[Round "5.16"]
[White "Ungureanu, Sandu"]
[Black "Suez-Panama, Gilles"]
[Result "1/2-1/2"]
[WhiteElo "2071"]
[BlackElo "2010"]
[PlyCount "130"]
[EventDate "2017.01.28"]
[EventType "swiss"]
[EventRounds "5"]
[EventCountry "GGB"]
[SourceTitle "BritBase"]
[Source "www.saund.co.uk"]
[SourceDate "2018.02.10"]
[SourceVersion "1"]
[SourceVersionDate "2018.02.10"]
[SourceQuality "1"]

1. c4 e5 2. g3 Nc6 3. Bg2 f5 4. e3 Nf6 5. d4 e4 6. a3 Be7 7. b4 O-O 8. Nc3 d5
9. Nxd5 Nxd5 10. cxd5 Qxd5 11. Ne2 a5 12. Nf4 Qf7 13. b5 Nd8 14. Qc2 Ne6 15.
Nxe6 Bxe6 16. O-O Bc4 17. Re1 Bd6 18. Bf1 Bb3 19. Qc3 Bd5 20. Bb2 g5 21. Bc4 b6
22. Rec1 Rae8 23. a4 f4 24. Bxd5 Qxd5 25. Qc4 Qxc4 26. Rxc4 fxe3 27. fxe3 Rf3
28. Re1 Ref8 29. Re2 Kf7 30. Rc3 Ke6 31. Ba3 Rf1+ 32. Kg2 Bxa3 33. Rxa3 Rc1 34.
Raa2 Rff1 35. Kh3 h5 36. Rec2 Kd7 37. Rf2 Ra1 38. Rxf1 Rxf1 39. Kg2 Rf3 40. Ra3
h4 41. Kh3 Rf2 42. gxh4 gxh4 43. Rc3 Re2 44. Rc4 Rxe3+ 45. Kxh4 Rf3 46. Kg4 Rf7
47. d5 Re7 48. Kf4 e3 49. Rc1 e2 50. Re1 Kd6 51. Kf3 Rf7+ 52. Ke3 Rh7 53. Rxe2
Rh3+ 54. Kf4 Rh4+ 55. Kg5 Rxa4 56. h4 Ra1 57. h5 Rg1+ 58. Kf5 Rh1 59. Kg6 Rg1+
60. Kh7 Kxd5 61. h6 Kc5 62. Re5+ Kb4 63. Kh8 a4 64. h7 Rg4 65. Rg5 Rxg5 1/2-1/2

[Event "Tradewise Gibraltar ChallWk2"]
[Site "Gibraltar"]
[Date "2017.02.01"]
[Round "5.17"]
[White "Van De Groep, William"]
[Black "Lochte, Thomas"]
[Result "1/2-1/2"]
[WhiteElo "1994"]
[BlackElo "2070"]
[PlyCount "55"]
[EventDate "2017.01.28"]
[EventType "swiss"]
[EventRounds "5"]
[EventCountry "GGB"]
[SourceTitle "BritBase"]
[Source "www.saund.co.uk"]
[SourceDate "2018.02.10"]
[SourceVersion "1"]
[SourceVersionDate "2018.02.10"]
[SourceQuality "1"]

1. e4 e5 2. Nc3 Nf6 3. Bc4 c6 4. Nf3 d5 5. exd5 e4 6. Qe2 cxd5 7. Nxd5 Nxd5 8.
Qxe4+ Be6 9. O-O Nc6 10. Re1 Be7 11. d4 Nf6 12. Qe2 Bxc4 13. Qxc4 O-O 14. Bg5
Rc8 15. c3 h6 16. Bxf6 Bxf6 17. Qb5 Qc7 18. Re2 a6 19. Qh5 Rfe8 20. Rae1 Rxe2
21. Rxe2 Ne7 22. g3 Qc4 23. Nd2 Qxa2 24. Ne4 Qe6 25. Qf3 Rc7 26. d5 Nxd5 27.
Nxf6+ Qxf6 28. Qxd5 1/2-1/2

[Event "Tradewise Gibraltar ChallWk2"]
[Site "Gibraltar"]
[Date "2017.02.01"]
[Round "5.18"]
[White "Kozarcanin, Sead"]
[Black "Clark, Ian C"]
[Result "0-1"]
[WhiteElo "2069"]
[BlackElo "1969"]
[PlyCount "46"]
[EventDate "2017.01.28"]
[EventType "swiss"]
[EventRounds "5"]
[EventCountry "GGB"]
[SourceTitle "BritBase"]
[Source "www.saund.co.uk"]
[SourceDate "2018.02.10"]
[SourceVersion "1"]
[SourceVersionDate "2018.02.10"]
[SourceQuality "1"]

1. b3 e5 2. Bb2 Nc6 3. e3 Nf6 4. Bb5 d6 5. d4 exd4 6. exd4 Bd7 7. Nf3 Qe7+ 8.
Be2 O-O-O 9. O-O Re8 10. Re1 Bg4 11. Nbd2 Qd7 12. c4 h6 13. a3 Nh5 14. d5 Ne7
15. h3 Bxf3 16. Bxf3 Nf4 17. Qc2 f5 18. c5 dxc5 19. Qxc5 Nd3 20. Qxa7 Kd8 21.
Reb1 Nxb2 22. Rxb2 Nc8 23. Rc2 Nxa7 0-1

[Event "Tradewise Gibraltar ChallWk2"]
[Site "Gibraltar"]
[Date "2017.02.01"]
[Round "5.20"]
[White "Ebner, Johann"]
[Black "Mircov, Nicola-Alexandar"]
[Result "0-1"]
[WhiteElo "2066"]
[BlackElo "1957"]
[PlyCount "70"]
[EventDate "2017.01.28"]
[EventType "swiss"]
[EventRounds "5"]
[EventCountry "GGB"]
[SourceTitle "BritBase"]
[Source "www.saund.co.uk"]
[SourceDate "2018.02.10"]
[SourceVersion "1"]
[SourceVersionDate "2018.02.10"]
[SourceQuality "1"]

1. d4 c5 2. d5 e6 3. c4 exd5 4. cxd5 a6 5. a4 g6 6. Nc3 d6 7. e4 Bg7 8. Bd3 Nf6
9. h3 O-O 10. Nf3 Re8 11. O-O Qc7 12. Nd2 Nbd7 13. Nc4 Ne5 14. Nxe5 Rxe5 15.
Re1 Re8 16. f4 Bd7 17. Bc4 Nh5 18. Qd3 Bd4+ 19. Kh2 Qd8 20. Bd2 Qh4 21. Rf1 Nf6
22. Be1 Qh6 23. Ne2 Rxe4 24. Nxd4 Rxd4 25. Qb3 Re8 26. Kg1 b5 27. axb5 Rxc4 28.
Qxc4 Bxb5 29. Qc1 Bxf1 30. Kxf1 Nxd5 31. Bd2 Qh5 32. Qc4 Ne3+ 33. Bxe3 Rxe3 34.
Rxa6 Qd1+ 35. Kf2 Qe1# 0-1